00900nam a2200265 u 450000100100000000500170001000800410002704000250006808200130009324501130010626000350021930000210025449000110027570000250028670000390031170000240035070000220037470000280039670000250042470000250044983000170047404900090049195201170050099900170061700002523620200930023641.0110211s1970 ve r 001 0 spa d aDO-SdBNPbspacBNPHU ann*bnn*00aBreviario del estremecimiento :brelatos /cW. F. Harvey... [et al.] ; traducción de Maria Esther Vazquez. aCaracas :bMonte Avila,c1970. a185 p. ;c20 cm.1 aPrisma1 aHarvey, W. F.9517211 aVazquez, Maria Esther,etr.9478381 aJames, M. R.9517221 aMachen, A.9517231 aLovecraft, H. P.9517241 aBlackwood, A.9517251 aKettridge, P.951726 0aPrisma93770 aBNGR 001054708MOaGRbGRcCTd2011-02-11iLF1l0onn* nn*p25236-10r2020-06-25w2020-06-25y4ZPréstamo en sala c24729d24729